[Event "GER-chT Seniors 21st"]
[Site "Berlin"]
[Date "2012.09.14"]
[Round "5.33"]
[White "Schoene, Armin"]
[Black "Krieger, Hermann"]
[Result "1/2-1/2"]
[WhiteElo "1992"]
[BlackElo "2133"]
[PlyCount "79"]
[EventDate "2012.09.10"]
[EventType "team-swiss"]
[EventRounds "7"]
[EventCountry "GER"]
[SourceTitle "CBM 150 Extra"]
[Source "ChessBase"]
[SourceDate "2012.10.19"]
[SourceVersion "1"]
[SourceVersionDate "2012.10.19"]
[SourceQuality "1"]
[WhiteTeam "Bremen Seniors"]
[BlackTeam "Rheinland Pfalz Seniors"]
[WhiteTeamCountry "GER"]
[BlackTeamCountry "GER"]

1. e4 c5 2. Nc3 Nc6 3. f4 g6 4. Nf3 Bg7 5. Bb5 Nd4 6. Bd3 d6 7. Nxd4 cxd4 8. Ne2 Nh6 9. 0-0 f5 10. c3 Qb6 11. Kh1 fxe4 12. Bxe4 Nf5 13. Qb3 Qxb3 14. axb3 Rf8 15. g4 Nh4 16. Ng3 e6 17. c4 a6 18. h3 Ra7 19. b4 b6 20. b5 Rff7 21. bxa6 Rxa6 22. Rxa6 Bxa6 23. d3 Bc8 24. Bd2 Ra7 25. f5 gxf5 26. Bc6+ Ke7 27. Be1 Be5 28. Nxf5+ Nxf5 29. gxf5 exf5 30. Bh4+ Kf7 31. Bd5+ Kf8 32. Bd8 Rg7 33. Rg1 f4 34. Bg5 Rd7 35. Bxf4 Bb7 36. Rg8+ Ke7 37. Bxe5 Bxd5+ 38. cxd5 dxe5 39. Rb8 Rxd5 40. Rxb6 1/2-1/2

[Event "Oberliga Nord W 1112"]
[Site "Germany"]
[Date "2012.03.18"]
[Round "8.7"]
[White "Schoene, Armin"]
[Black "Othmer, Michael"]
[Result "1-0"]
[WhiteElo "2159"]
[BlackElo "1931"]
[PlyCount "63"]
[EventDate "2011.10.02"]
[EventType "team-tourn"]
[EventRounds "9"]
[EventCountry "GER"]
[SourceTitle "EXT 2013"]
[Source "ChessBase"]
[SourceDate "2012.11.22"]
[SourceVersion "1"]
[SourceVersionDate "2012.11.22"]
[SourceQuality "1"]
[WhiteTeam "Bremer SG"]
[BlackTeam "Salzgitter"]
[WhiteTeamCountry "GER"]
[BlackTeamCountry "GER"]

1. e4 c5 2. Nc3 Nc6 3. f4 g6 4. Nf3 Bg7 5. Bb5 Nd4 6. Bd3 d6 7. Nxd4 cxd4 8. Ne2 Nf6 9. Nxd4 Nxe4 10. Bxe4 Bxd4 11. Qf3 Qb6 12. c3 Bg7 13. f5 gxf5 14. Bxf5 Bxf5 15. Qxf5 Qc5 16. Rf1 Qe5+ 17. Kd1 Qxf5 18. Rxf5 e6 19. Rf3 d5 20. d4 b5 21. Bg5 b4 22. Kc2 Rg8 23. Bh4 bxc3 24. bxc3 Rc8 25. Kd3 e5 26. Rg3 f5 27. dxe5 Rxc3+ 28. Kd4 Rc4+ 29. Kxd5 Rxh4 30. Rb1 Rg4 31. Rxg4 fxg4 32. Rb8+ 1-0

[Event "Oberliga Nord W 1112"]
[Site "Germany"]
[Date "2012.02.05"]
[Round "6.7"]
[White "Schoene, Armin"]
[Black "Belov, Igor"]
[Result "1-0"]
[WhiteElo "2159"]
[BlackElo "2085"]
[PlyCount "115"]
[EventDate "2011.10.02"]
[EventType "team-tourn"]
[EventRounds "9"]
[EventCountry "GER"]
[SourceTitle "EXT 2013"]
[Source "ChessBase"]
[SourceDate "2012.11.22"]
[SourceVersion "1"]
[SourceVersionDate "2012.11.22"]
[SourceQuality "1"]
[WhiteTeam "Bremer SG"]
[BlackTeam "Hameln"]
[WhiteTeamCountry "GER"]
[BlackTeamCountry "GER"]

1. e4 d6 2. d4 Nf6 3. Nc3 g6 4. f4 Bg7 5. Nf3 0-0 6. e5 dxe5 7. fxe5 Nd5 8. Bc4 c6 9. 0-0 a5 10. Qe1 Bg4 11. Qh4 Bxf3 12. Rxf3 h5 13. g4 Nb6 14. gxh5 Nxc4 15. Bg5 Bxe5 16. dxe5 Nxe5 17. Rh3 Qb6+ 18. Kh1 Qb4 19. Bf4 Rc8 20. Bxe5 Qxh4 21. Rxh4 Nd7 22. Bd4 g5 23. Rg1 f6 24. Rhg4 Kf7 25. Ne4 c5 26. Bc3 b5 27. b3 c4 28. h4 Ke6 29. Bd4 Ne5 30. Bxe5 Kxe5 31. Ng3 gxh4 32. Re4+ Kd5 33. Rd1+ Kc5 34. Rxh4 Rg8 35. Ne4+ Kb6 36. Rd7 f5 37. Nc3 Rac8 38. Rh3 Rg5 39. Rxe7 Rcg8 40. Re2 Kc6 41. h6 b4 42. Na4 Rh8 43. Rg2 Rxg2 44. Kxg2 Rh7 45. Kf3 Kd6 46. Kf4 Ke7 47. Kxf5 Kf7 48. Nc5 Kg8 49. Ne6 Rd7 50. Rg3+ Kh8 51. Rg7 Rd6 52. Re7 Ra6 53. Kg6 Ra8 54. Ng7 a4 55. bxa4 b3 56. axb3 Ra6+ 57. Re6 Ra8 58. Re8+ 1-0

[Event "Oberliga Nord W 1011"]
[Site "Germany"]
[Date "2011.03.20"]
[Round "8.7"]
[White "Cohrs, Joerg Artur"]
[Black "Schoene, Armin"]
[Result "1-0"]
[WhiteElo "1997"]
[BlackElo "2138"]
[PlyCount "47"]
[EventDate "2010.10.10"]
[EventType "team-tourn"]
[EventRounds "9"]
[EventCountry "GER"]
[SourceTitle "EXT 2012"]
[Source "ChessBase"]
[SourceDate "2011.11.24"]
[SourceVersion "1"]
[SourceVersionDate "2011.11.24"]
[SourceQuality "1"]
[WhiteTeam "Uelzen Post"]
[BlackTeam "Bremer SG"]
[WhiteTeamCountry "GER"]
[BlackTeamCountry "GER"]

1. e4 d5 2. exd5 Qxd5 3. Nc3 Qd6 4. d4 a6 5. Nf3 Nf6 6. Bc4 b5 7. Bb3 Bb7 8. Be3 Nbd7 9. Qe2 e6 10. 0-0-0 Be7 11. h4 Nb6 12. Ne5 Nbd5 13. Nxb5 Qb6 14. Nc3 Nxc3 15. bxc3 Qa5 16. Qc4 0-0 17. Nc6 Ba3+ 18. Kb1 Qb6 19. Ne5 Bxg2 20. Rhg1 Bd5 21. Rxg7+ Kxg7 22. Rg1+ Kh8 23. Bh6 Ne8 24. Bxf8 1-0

[Event "Oberliga Nord W 1011"]
[Site "Germany"]
[Date "2010.10.10"]
[Round "1.8"]
[White "Schoene, Armin"]
[Black "Hauernherm, Stefan"]
[Result "1-0"]
[WhiteElo "2138"]
[BlackElo "2103"]
[PlyCount "87"]
[EventDate "2010.10.10"]
[EventType "team-tourn"]
[EventRounds "9"]
[EventCountry "GER"]
[SourceTitle "EXT 2012"]
[Source "ChessBase"]
[SourceDate "2011.11.24"]
[SourceVersion "1"]
[SourceVersionDate "2011.11.24"]
[SourceQuality "1"]
[WhiteTeam "Bremer SG"]
[BlackTeam "Braunschweig Gliesmarode"]
[WhiteTeamCountry "GER"]
[BlackTeamCountry "GER"]

1. e4 c5 2. Nc3 Nc6 3. f4 e6 4. Nf3 g6 5. Bc4 Bg7 6. f5 Nge7 7. fxe6 fxe6 8. 0-0 0-0 9. d3 d5 10. Bb3 Nd4 11. Bg5 Nxb3 12. axb3 d4 13. Nb5 h6 14. Bh4 e5 15. c4 g5 16. Bg3 Nc6 17. Qd2 Bf6 18. h3 Qe7 19. Nh2 h5 20. Qe2 Qh7 21. Nd6 Ne7 22. Nxc8 Nxc8 23. Be1 Be7 24. Rxf8+ Kxf8 25. Bg3 Bf6 26. Rf1 Ke7 27. Qf3 Qg6 28. Qf5 Qg7 29. Qf3 Qg6 30. Be1 a5 31. Bd2 b6 32. Qg3 Nd6 33. Nf3 Nf7 34. Nh4 Qh7 35. Qf3 Bh8 36. Nf5+ Ke6 37. Ng3 h4 38. Qg4+ Kd6 39. Nf5+ Kc7 40. Ne7 Re8 41. Bxg5 Nxg5 42. Nd5+ Kc6 43. Qxg5 Kb7 44. Qf5 1-0

[Event "GER-chT Seniors 19th"]
[Site "Eckernfoerde"]
[Date "2010.09.19"]
[Round "7.1"]
[White "Schoene, Armin"]
[Black "Baumbach, Friedrich"]
[Result "1/2-1/2"]
[WhiteElo "2031"]
[BlackElo "2191"]
[PlyCount "27"]
[EventDate "2010.09.13"]
[EventType "team-swiss"]
[EventRounds "7"]
[EventCountry "GER"]
[SourceTitle "EXT 2011"]
[Source "ChessBase"]
[SourceDate "2010.11.26"]
[SourceVersion "1"]
[SourceVersionDate "2010.11.26"]
[SourceQuality "1"]
[WhiteTeam "Bremen"]
[BlackTeam "Berlin"]
[WhiteTeamCountry "GER"]
[BlackTeamCountry "GER"]

1. e4 c5 2. Nc3 Nc6 3. f4 g6 4. Nf3 Bg7 5. Bc4 e6 6. f5 Nge7 7. fxe6 dxe6 8. d3 0-0 9. 0-0 Na5 10. Bb3 Nec6 11. Ne2 Nd4 12. c3 Nxf3+ 13. Rxf3 c4 14. Bc2 1/2-1/2

[Event "GER-chT Seniors 18th"]
[Site "Finsterbergen"]
[Date "2009.09.16"]
[Round "5"]
[White "Schoene, Armin"]
[Black "Just, Joachim"]
[Result "1-0"]
[WhiteElo "2131"]
[BlackElo "2055"]
[PlyCount "129"]
[EventDate "2009.09.12"]
[EventType "team-swiss"]
[EventRounds "7"]
[EventCountry "GER"]
[SourceTitle "CBM 132 Extra"]
[Source "ChessBase"]
[SourceDate "2009.11.03"]
[SourceVersion "1"]
[SourceVersionDate "2009.11.03"]
[SourceQuality "1"]

1. e4 e6 2. d3 d5 3. Nd2 Nf6 4. e5 Nfd7 5. f4 Be7 6. Ndf3 c5 7. Nh3 Nc6 8. c3 b5 9. g3 Qb6 10. Bg2 Bb7 11. Qe2 0-0-0 12. 0-0 g6 13. Be3 Kb8 14. b4 Qa6 15. a3 Rc8 16. Rfb1 Nd8 17. Nd2 c4 18. dxc4 dxc4 19. Ne4 Nb6 20. Nhf2 Na4 21. Rd1 Qc6 22. Rac1 h5 23. Nh3 Qc7 24. Qf2 Bd5 25. Nhg5 Rg8 26. Nd6 Bxd6 27. exd6 Qb7 28. Bxd5 exd5 29. Qf3 Re8 30. Bd4 Nb6 31. Nh7 Re4 32. Nf6 Ne6 33. Be5 Rd8 34. Nxe4 dxe4 35. Qe2 Rd7 36. h3 Qc6 37. Rc2 Kb7 38. Rcd2 Nc8 39. Qe3 Nb6 40. g4 hxg4 41. hxg4 f5 42. gxf5 gxf5 43. Qh3 e3 44. Qxe3 Rh7 45. Rh2 Rd7 46. Qh3 Qe4 47. Qg2 Qxg2+ 48. Kxg2 Kc6 49. Kf3 Rf7 50. Rh6 Kd7 51. Rf6 Rh7 52. Rxf5 Rh3+ 53. Kg4 Rd3 54. Rh1 Nd5 55. Rf7+ Ke8 56. Rxa7 Ne3+ 57. Kh5 Nd5 58. Kg6 Nf8+ 59. Kf5 Ne3+ 60. Ke4 Ng4 61. Re7+ Kd8 62. Rh8 Re3+ 63. Kf5 Rxe5+ 64. fxe5 Ne3+ 65. Ke4 1-0

[Event "Oberliga Nord W 0809"]
[Site "Germany"]
[Date "2008.11.30"]
[Round "3.8"]
[White "Kapitza, Mathias"]
[Black "Schoene, Armin"]
[Result "1-0"]
[WhiteElo "2045"]
[BlackElo "2166"]
[PlyCount "109"]
[EventDate "2008.10.05"]
[EventType "team-tourn"]
[EventRounds "9"]
[EventCountry "GER"]
[SourceTitle "EXT 2010"]
[Source "ChessBase"]
[SourceDate "2010.11.25"]
[SourceVersion "1"]
[SourceVersionDate "2010.11.25"]
[SourceQuality "1"]
[WhiteTeam "Melle III"]
[BlackTeam "Bremer SG"]
[WhiteTeamCountry "GER"]
[BlackTeamCountry "GER"]

1. Nf3 f5 2. d3 Nf6 3. g3 g6 4. Bg2 Bg7 5. 0-0 0-0 6. c4 d6 7. Nc3 c5 8. e4 fxe4 9. dxe4 Nc6 10. Bf4 Be6 11. Qe2 Nh5 12. Be3 Qc8 13. Ng5 Bg4 14. f3 Bd7 15. f4 h6 16. Nf3 Nd4 17. Nxd4 cxd4 18. Nd5 Qd8 19. Bd2 a6 20. Nb4 Qe8 21. Nd3 e5 22. Bb4 Rf6 23. Rac1 a5 24. Bd2 Bf8 25. Qe1 b6 26. Qd1 Ba4 27. Qg4 Ng7 28. fxe5 Bd7 29. Qe2 Rxf1+ 30. Rxf1 dxe5 31. Bxh6 Rc8 32. b3 Kh7 33. Bg5 Be7 34. Bxe7 Qxe7 35. Qf3 Qg5 36. Qf7 Be6 37. Qf2 b5 38. cxb5 Rc3 39. h4 Qh5 40. Bf3 Bg4 41. Qe2 Bxf3 42. Qxf3 Qh6 43. b6 Qd2 44. Rf2 Rxd3 45. Rxd2 Rxf3 46. Rf2 Rxg3+ 47. Kh2 Re3 48. b7 d3 49. b8Q Re2 50. Kg2 Rxe4 51. Qd8 Rg4+ 52. Kh3 Rd4 53. Qxa5 Nf5 54. Rxf5 gxf5 55. Qxe5 1-0

[Event "GER-chT Seniors 17th"]
[Site "Berlin"]
[Date "2008.09.06"]
[Round "7"]
[White "Schoene, Armin"]
[Black "Pamperin, Gerhard"]
[Result "1-0"]
[WhiteElo "2166"]
[BlackElo "1915"]
[PlyCount "123"]
[EventDate "2008.08.31"]
[EventType "team-swiss"]
[EventRounds "7"]
[EventCountry "GER"]
[SourceTitle "CBM 126 Extra"]
[Source "ChessBase"]
[SourceDate "2008.11.05"]
[SourceVersion "1"]
[SourceVersionDate "2008.11.05"]
[SourceQuality "1"]

1. e4 e6 2. d3 d5 3. Nd2 Nf6 4. Ngf3 c5 5. g3 Nc6 6. Bg2 Be7 7. 0-0 0-0 8. e5 Nd7 9. Re1 Qc7 10. Qe2 b6 11. h4 Re8 12. Nf1 Nf8 13. h5 f5 14. Bg5 Bb7 15. Bxe7 Qxe7 16. Ne3 Qf7 17. Ng5 Qc7 18. f4 h6 19. Nf3 Re7 20. c3 Kh7 21. Nc2 g6 22. hxg6+ Nxg6 23. Kf2 Rh8 24. Rh1 Kg8 25. Rh5 Reh7 26. Rah1 Kg7 27. Nce1 Nce7 28. d4 c4 29. Ke3 b5 30. a3 a5 31. Nc2 Bc6 32. Bf1 Be8 33. R5h3 Nf8 34. Qh2 Bg6 35. Be2 Bf7 36. Rg1 Nfg6 37. Nh4 Kf8 38. g4 fxg4 39. Bxg4 Nxh4 40. Rxh4 h5 41. Rh1 Qd8 42. Qe2 Qe8 43. Qf2 Rg8 44. Kd2 Rhg7 45. Bf3 Nf5 46. R4h3 Ng3 47. R1h2 Nf5 48. Ne3 Nxe3 49. Kxe3 Rh8 50. Qh4 Rgh7 51. f5 exf5 52. Qf6 Qe6 53. Qxe6 Bxe6 54. Rxh5 Rxh5 55. Rxh5 Rxh5 56. Bxh5 Ke7 57. Kf4 Bd7 58. Bg6 b4 59. axb4 axb4 60. cxb4 Kd8 61. Bxf5 Bc6 62. e6 1-0

[Event "GER-chT Seniors 17th"]
[Site "Berlin"]
[Date "2008.09.05"]
[Round "6"]
[White "Schoene, Armin"]
[Black "Bakhmatov, Eduard"]
[Result "0-1"]
[WhiteElo "2166"]
[BlackElo "2340"]
[PlyCount "102"]
[EventDate "2008.08.31"]
[EventType "team-swiss"]
[EventRounds "7"]
[EventCountry "GER"]
[SourceTitle "CBM 126 Extra"]
[Source "ChessBase"]
[SourceDate "2008.11.05"]
[SourceVersion "1"]
[SourceVersionDate "2008.11.05"]
[SourceQuality "1"]

1. e4 c5 2. Nc3 Nc6 3. Bb5 Nd4 4. Bc4 e6 5. Nf3 Ne7 6. Nxd4 cxd4 7. Ne2 Nc6 8. d3 Be7 9. 0-0 0-0 10. f4 d5 11. Bb5 dxe4 12. dxe4 Qb6 13. Bd3 Bd7 14. Ng3 Nb4 15. Qg4 Nxd3 16. cxd3 f5 17. Qe2 Bd6 18. Qd1 Rac8 19. Rf2 Rc7 20. Rb1 Rfc8 21. b4 Qa6 22. exf5 Ba4 23. Qe1 Qxd3 24. Bd2 exf5 25. Qe6+ Kh8 26. Qxf5 Bc2 27. Qxd3 Bxd3 28. Rb3 Bc2 29. Rb2 Rc4 30. Nf1 g6 31. a3 Be7 32. Re2 Bf6 33. Re6 Kg7 34. Ra2 Kf7 35. Re1 Bd3 36. Raa1 Rc2 37. Rac1 b5 38. Rxc2 Rxc2 39. Rc1 Ra2 40. Rc7+ Ke6 41. Bc1 Bc4 42. Rc6+ Ke7 43. Nd2 Ra1 44. Ne4 Rxc1+ 45. Kf2 d3 46. Rc7+ Kd8 47. Rxh7 Bd4+ 48. Kg3 Re1 49. Nd6 d2 50. Nb7+ Ke8 51. Nd6+ Kf8 0-1

[Event "GER-chT Seniors 16th"]
[Site "Halle"]
[Date "2007.09.18"]
[Round "6.2"]
[White "Krueger, Gerhard"]
[Black "Schoene, Armin"]
[Result "0-1"]
[WhiteElo "1991"]
[BlackElo "2170"]
[PlyCount "70"]
[EventDate "2007.09.13"]
[EventType "team"]
[EventRounds "7"]
[EventCountry "GER"]
[SourceTitle "EXT 2008"]
[Source "ChessBase"]
[SourceDate "2007.11.25"]
[SourceVersion "1"]
[SourceVersionDate "2007.11.25"]
[SourceQuality "1"]

1. e4 d5 2. exd5 Qxd5 3. Nc3 Qa5 4. d4 Nf6 5. Nf3 Bf5 6. Bd3 e6 7. Bxf5 Qxf5 8. 0-0 Nc6 9. Ne2 0-0-0 10. c3 h5 11. Ng3 Qg6 12. Nh4 Qg4 13. Nf3 h4 14. h3 Qg6 15. Ne2 e5 16. Qb3 Re8 17. dxe5 Nxe5 18. Nxe5 Rxe5 19. Nf4 Qe4 20. Qxf7 Re7 21. Qg6 Rh6 22. Qxe4 Rxe4 23. Be3 g5 24. Nd3 Rg6 25. Kh1 Bd6 26. Rae1 Ra4 27. a3 g4 28. Bd4 Nd5 29. Re8+ Kd7 30. Rfe1 gxh3 31. gxh3 b6 32. R8e4 c5 33. Be5 Rxe4 34. Rxe4 Re6 35. Re1 c4 0-1

[Event "GER-chT Seniors 16th"]
[Site "Halle"]
[Date "2007.09.16"]
[Round "4.2"]
[White "Schoene, Armin"]
[Black "Striebich, Rudolf"]
[Result "1/2-1/2"]
[WhiteElo "2170"]
[BlackElo "2187"]
[PlyCount "71"]
[EventDate "2007.09.13"]
[EventType "team"]
[EventRounds "7"]
[EventCountry "GER"]
[SourceTitle "EXT 2008"]
[Source "ChessBase"]
[SourceDate "2007.11.25"]
[SourceVersion "1"]
[SourceVersionDate "2007.11.25"]
[SourceQuality "1"]

1. e4 c5 2. Nc3 d6 3. f4 e6 4. Nf3 Nf6 5. d3 Be7 6. g3 0-0 7. Bg2 Nc6 8. 0-0 Nd4 9. Ne2 Nxf3+ 10. Bxf3 Rb8 11. a4 b6 12. g4 Ne8 13. Ng3 Bf6 14. g5 Bd4+ 15. Kg2 g6 16. c3 Bg7 17. h4 h5 18. gxh6 Bxh6 19. f5 Bxc1 20. Qxc1 Kg7 21. Qf4 exf5 22. exf5 Bxf5 23. Nxf5+ gxf5 24. Rg1 Rh8 25. Kf1+ Kf8 26. h5 Qf6 27. Re1 Ng7 28. Rh1 Rh6 29. Re2 Rd8 30. a5 Ne6 31. Qh4 Qxh4 32. Rxh4 Ke7 33. axb6 axb6 34. Ra4 Kf6 35. Rh2 d5 36. b4 1/2-1/2

[Event "GER-chT Seniors 16th"]
[Site "Halle"]
[Date "2007.09.15"]
[Round "3.2"]
[White "Schroeder, Christian"]
[Black "Schoene, Armin"]
[Result "1-0"]
[WhiteElo "2074"]
[BlackElo "2170"]
[PlyCount "117"]
[EventDate "2007.09.13"]
[EventType "team"]
[EventRounds "7"]
[EventCountry "GER"]
[SourceTitle "EXT 2008"]
[Source "ChessBase"]
[SourceDate "2007.11.25"]
[SourceVersion "1"]
[SourceVersionDate "2007.11.25"]
[SourceQuality "1"]

1. c4 f5 2. d4 Nf6 3. Nc3 d6 4. Nf3 g6 5. g3 Bg7 6. Bg2 0-0 7. Bg5 Nbd7 8. Qd2 e5 9. dxe5 dxe5 10. Rd1 Qe7 11. Nd5 Qc5 12. Nxf6+ Nxf6 13. Bxf6 Bxf6 14. Qd5+ Qxd5 15. cxd5 Rd8 16. Nd2 e4 17. Nc4 b5 18. Na5 Bxb2 19. 0-0 Bd7 20. f3 Re8 21. fxe4 fxe4 22. Rf4 Bf5 23. Nc6 Ba3 24. Nd4 Bd6 25. Rff1 Bc5 26. Kh1 Bg4 27. Nxb5 Re7 28. Rc1 Bb6 29. Rc2 Rd8 30. Rd1 Bf5 31. h3 h5 32. Rc4 a6 33. Nc3 Rde8 34. Rc6 Bd7 35. Rxg6+ Kh7 36. Rg5 Kh6 37. d6 Rf7 38. Rgd5 c6 39. R5d2 e3 40. Rb2 Ba5 41. Ne4 Re5 42. h4 Rb5 43. Rc2 Bb6 44. Ng5 Rf6 45. Bxc6 Bf5 46. Be4 Bd7 47. Bb7 Ra5 48. Rb2 Rb5 49. Rxb5 axb5 50. Bf3 Rf8 51. Ne4 Kg6 52. Kg2 Rf5 53. Ng5 Re5 54. Nh3 b4 55. Nf4+ Kh6 56. Nd5 Ba5 57. Nf6 Ba4 58. Rd5 Rxd5 59. Nxd5 1-0

[Event "EU-chT Seniors 09th"]
[Site "Dresden"]
[Date "2007.02.22"]
[Round "7"]
[White "Schoene, Armin"]
[Black "Leiber, Bernhard"]
[Result "1-0"]
[WhiteElo "2157"]
[BlackElo "2172"]
[PlyCount "77"]
[EventDate "2007.02.16"]
[EventType "team-swiss"]
[EventRounds "9"]
[EventCountry "GER"]
[SourceTitle "CBM 117 Extra"]
[Source "ChessBase"]
[SourceDate "2007.05.09"]
[SourceVersion "1"]
[SourceVersionDate "2007.05.09"]
[SourceQuality "1"]

1. e4 c5 2. Nc3 Nc6 3. Bb5 g6 4. Bxc6 bxc6 5. d3 Bg7 6. Nge2 d6 7. 0-0 Nh6 8. h3 f5 9. exf5 Nxf5 10. Ne4 0-0 11. c3 Rb8 12. Qc2 Kh8 13. Bd2 Qb6 14. b3 d5 15. N4g3 e5 16. Rae1 Ba6 17. Nxf5 gxf5 18. c4 Rbe8 19. Nc3 Qd8 20. Na4 Qd6 21. cxd5 cxd5 22. Nxc5 Rc8 23. b4 e4 24. Qb1 Bb5 25. a4 Bc6 26. f4 Bd4+ 27. Kh1 Rg8 28. Nb3 Bf6 29. b5 Ba8 30. d4 Rc4 31. Qa1 Rg3 32. Re3 Rxe3 33. Bxe3 Qb4 34. Rb1 Bb7 35. Nd2 Qa5 36. Nxc4 dxc4 37. Qa3 Kg7 38. Rc1 Bd5 39. Qc5 1-0

[Event "EU-chT Seniors 09th"]
[Site "Dresden"]
[Date "2007.02.20"]
[Round "5"]
[White "Birkestrand, Odd Helge"]
[Black "Schoene, Armin"]
[Result "1/2-1/2"]
[WhiteElo "1848"]
[BlackElo "2157"]
[PlyCount "84"]
[EventDate "2007.02.16"]
[EventType "team-swiss"]
[EventRounds "9"]
[EventCountry "GER"]
[SourceTitle "CBM 117 Extra"]
[Source "ChessBase"]
[SourceDate "2007.05.09"]
[SourceVersion "1"]
[SourceVersionDate "2007.05.09"]
[SourceQuality "1"]

1. e4 d5 2. exd5 Qxd5 3. Nf3 Nc6 4. Nc3 Qa5 5. d4 Bg4 6. Be2 0-0-0 7. Be3 e6 8. a3 Bxf3 9. Bxf3 Ne5 10. b4 Nxf3+ 11. Qxf3 Bxb4 12. Bd2 Nf6 13. 0-0 Bxc3 14. Bxc3 Qd5 15. Qe2 Ne4 16. Bb2 Nd6 17. Rfe1 h5 18. c3 Rh6 19. Qd3 Rg6 20. f3 Nc4 21. Bc1 c5 22. Rb1 b6 23. Be3 Qxf3 24. Qxg6 Qxe3+ 25. Rxe3 fxg6 26. Rxe6 Nxa3 27. Ra1 Nb5 28. dxc5 bxc5 29. Rc6+ Kb7 30. Rxc5 a6 31. Rb1 Rd3 32. c4 Rc3 33. Rcxb5+ axb5 34. Rxb5+ Kc6 35. Rg5 Rxc4 36. Rxg6+ Kd5 37. Rxg7 Ke6 38. Rg5 h4 39. h3 Kf6 40. Rg8 Rf4 41. Rf8+ Kg5 42. Rg8+ Kh5 1/2-1/2

[Event "GER-ch Seniors 18th"]
[Site "Dresden"]
[Date "2006.07.30"]
[Round "9"]
[White "Reinke, Kurt"]
[Black "Schoene, Armin"]
[Result "0-1"]
[WhiteElo "1847"]
[BlackElo "2010"]
[PlyCount "110"]
[EventDate "2006.07.22"]
[EventType "swiss"]
[EventRounds "9"]
[EventCountry "GER"]
[SourceTitle "EXT 2022"]
[Source "ChessBase"]
[SourceDate "2021.10.06"]
[SourceVersion "1"]
[SourceVersionDate "2021.10.06"]
[SourceQuality "1"]

1. d4 f5 2. g3 Nf6 3. c4 g6 4. Bg2 Bg7 5. Nc3 d6 6. Nf3 0-0 7. 0-0 Qe8 8. Ne1 c6 9. Nd3 e5 10. dxe5 dxe5 11. Bd2 Na6 12. Qc1 e4 13. Ne1 Ng4 14. h3 Ne5 15. b3 Nf7 16. Rb1 Be6 17. Nc2 b5 18. Qa3 Qc8 19. c5 Qb7 20. b4 Ne5 21. Ne3 Nc4 22. Nxc4 Bxc4 23. Bf4 Nc7 24. Rfd1 Ne6 25. Bd6 Rfe8 26. Qc1 a5 27. a3 axb4 28. axb4 Qa7 29. Rd2 Nd4 30. Rdb2 Qa3 31. Bf1 Nb3 32. Qe1 Na1 33. Nd1 Bxb2 34. Nxb2 Ba2 35. Rxa1 Qxb2 36. e3 Ra4 37. g4 fxg4 38. hxg4 Rea8 39. Bg2 Qxb4 40. Qc1 Bd5 41. Rb1 Qa3 42. Qd2 Qa2 43. Rb2 Qc4 44. g5 Ra1+ 45. Kh2 Rc1 46. Kg3 Qc3 47. Kf4 Qxd2 48. Rxd2 Re8 49. Bh3 h6 50. gxh6 b4 51. Kg5 Kh7 52. Bd7 Rd8 53. Bg4 b3 54. Be7 Ra8 55. Bd7 Ra7 0-1

[Event "GER-ch Seniors 18th"]
[Site "Dresden"]
[Date "2006.07.26"]
[Round "5"]
[White "Schoene, Armin"]
[Black "Pracht, Hans Dieter"]
[Result "1-0"]
[WhiteElo "2010"]
[BlackElo "1767"]
[PlyCount "67"]
[EventDate "2006.07.22"]
[EventType "swiss"]
[EventRounds "9"]
[EventCountry "GER"]
[SourceTitle "EXT 2022"]
[Source "ChessBase"]
[SourceDate "2021.10.06"]
[SourceVersion "1"]
[SourceVersionDate "2021.10.06"]
[SourceQuality "1"]

1. e4 e6 2. d3 d5 3. Nd2 g6 4. g3 Bg7 5. Bg2 Ne7 6. Ngf3 c5 7. 0-0 0-0 8. Qe2 Nbc6 9. c3 d4 10. c4 e5 11. h3 Qd6 12. Nh2 Bd7 13. f4 f5 14. exf5 Nxf5 15. Bd5+ Kh8 16. Ne4 Qe7 17. g4 Nh6 18. fxe5 Rxf1+ 19. Nxf1 Qxe5 20. Nh2 Rf8 21. Nf3 Qe8 22. Bd2 Ng8 23. Qg2 b6 24. Re1 Qb8 25. Neg5 h6 26. Nh4 Nge7 27. Ne6 Rf6 28. g5 hxg5 29. Bxg5 Bxe6 30. Bxf6 Bxf6 31. Nxg6+ Nxg6 32. Qxg6 Qg8 33. Qxg8+ Bxg8 34. Bxc6 1-0

[Event "GER-ch Seniors 18th"]
[Site "Dresden"]
[Date "2006.07.24"]
[Round "3"]
[White "Ehlert, Joachim"]
[Black "Schoene, Armin"]
[Result "1-0"]
[WhiteElo "2028"]
[BlackElo "2191"]
[PlyCount "85"]
[EventDate "2006.07.22"]
[EventType "swiss"]
[EventRounds "9"]
[EventCountry "GER"]
[SourceTitle "CBM 113 Extra"]
[Source "ChessBase"]
[SourceDate "2006.09.14"]
[SourceVersion "1"]
[SourceVersionDate "2006.09.14"]
[SourceQuality "1"]

1. e4 d5 2. exd5 Qxd5 3. Nf3 Nc6 4. Be2 Bg4 5. 0-0 Nf6 6. d3 0-0-0 7. Nc3 Qd7 8. Be3 e5 9. a3 Kb8 10. b4 Bd6 11. Ne4 Qe7 12. Qe1 Nxe4 13. dxe4 Bxf3 14. Bxf3 Nd4 15. Bd1 Qe6 16. c3 Nc6 17. Rb1 f5 18. f3 fxe4 19. fxe4 Rdf8 20. Bf2 Rf6 21. Qe3 b6 22. a4 Rhf8 23. a5 Rf5 24. axb6 cxb6 25. Bb3 Qg6 26. Bc2 h5 27. Rbd1 Bc7 28. Qe2 h4 29. Ra1 Rg5 30. Be3 Rxf1+ 31. Rxf1 h3 32. g3 Nd8 33. Rf8 Kb7 34. Bd3 Kc8 35. Rf5 Ne6 36. Qf2 Nf4 37. Ba6+ Kd7 38. Qd2+ Bd6 39. Kf2 Ng2 40. Qd5 Nxe3 41. Rf7+ Ke8 42. Bb5+ Kd8 43. Qa8+ 1-0

[Event "GER-chT Seniors 14th"]
[Site "Sottrum"]
[Date "2005.09.22"]
[Round "5"]
[White "Gerhardt, Peter Michael"]
[Black "Schoene, Armin"]
[Result "0-1"]
[WhiteElo "2134"]
[BlackElo "2199"]
[PlyCount "56"]
[EventDate "2005.09.18"]
[EventType "team-swiss"]
[EventRounds "7"]
[EventCountry "GER"]
[SourceTitle "CBM 108 Extra"]
[Source "ChessBase"]
[SourceDate "2005.11.04"]
[SourceVersion "1"]
[SourceVersionDate "2005.11.04"]
[SourceQuality "1"]

1. e4 d5 2. exd5 Qxd5 3. Nc3 Qa5 4. Nf3 Nf6 5. Bc4 Bg4 6. 0-0 e6 7. d4 Nc6 8. Be3 Bb4 9. Ne2 Bxf3 10. gxf3 0-0-0 11. c3 Be7 12. b4 Qh5 13. Nf4 Qh6 14. Kh1 Bd6 15. Rg1 g5 16. b5 Na5 17. Be2 Bxf4 18. Bxf4 gxf4 19. c4 Qh4 20. Qa4 b6 21. c5 Qxf2 22. cxb6 axb6 23. Qc2 Rxd4 24. Rac1 Nd5 25. Qb2 Rd8 26. Qc2 Qe3 27. Rgd1 Rxd1+ 28. Rxd1 Rd7 0-1